<?xml version="1.0" encoding="UTF-8"?>
<collection xmlns="http://www.loc.gov/MARC21/slim">
 <record>
  <leader>01893nam a22004337a 4500</leader>
  <controlfield tag="001">000054796</controlfield>
  <controlfield tag="003">CZ-PrVSE</controlfield>
  <controlfield tag="005">20021031000000.0</controlfield>
  <controlfield tag="008">950815s1995    xr            ||||| eng |</controlfield>
  <datafield tag="015" ind1=" " ind2=" ">
   <subfield code="a">cnb000110906</subfield>
  </datafield>
  <datafield tag="020" ind1=" " ind2=" ">
   <subfield code="a">80-85605-73-2</subfield>
   <subfield code="q">(váz.)</subfield>
  </datafield>
  <datafield tag="035" ind1=" " ind2=" ">
   <subfield code="a">(OCoLC)37960448</subfield>
  </datafield>
  <datafield tag="040" ind1=" " ind2=" ">
   <subfield code="a">ABA006</subfield>
   <subfield code="b">cze</subfield>
   <subfield code="c">ABA006</subfield>
   <subfield code="d">ABA006</subfield>
  </datafield>
  <datafield tag="041" ind1="1" ind2=" ">
   <subfield code="a">eng</subfield>
   <subfield code="a">cze</subfield>
  </datafield>
  <datafield tag="044" ind1=" " ind2=" ">
   <subfield code="a">xr</subfield>
  </datafield>
  <datafield tag="080" ind1=" " ind2=" ">
   <subfield code="a">339.9</subfield>
  </datafield>
  <datafield tag="080" ind1=" " ind2=" ">
   <subfield code="a">339.5</subfield>
  </datafield>
  <datafield tag="099" ind1=" " ind2="9">
   <subfield code="a">339.9PRE</subfield>
  </datafield>
  <datafield tag="100" ind1="1" ind2=" ">
   <subfield code="a">Presner, Lewis A.</subfield>
   <subfield code="4">aut</subfield>
  </datafield>
  <datafield tag="245" ind1="1" ind2="0">
   <subfield code="a">Slovník mezinárodního podnikání /</subfield>
   <subfield code="c">Lewis A. Presner ; [Stanislav Spanilý ... [et al.]]</subfield>
  </datafield>
  <datafield tag="260" ind1=" " ind2=" ">
   <subfield code="a">Praha :</subfield>
   <subfield code="b">Victoria Publishing,</subfield>
   <subfield code="c">1995</subfield>
  </datafield>
  <datafield tag="300" ind1=" " ind2=" ">
   <subfield code="a">303 s.</subfield>
  </datafield>
  <datafield tag="500" ind1=" " ind2=" ">
   <subfield code="a">Příl.</subfield>
  </datafield>
  <datafield tag="650" ind1="0" ind2="7">
   <subfield code="a">mezinárodní obchod</subfield>
   <subfield code="7">ph115283</subfield>
   <subfield code="2">czenas</subfield>
  </datafield>
  <datafield tag="650" ind1="0" ind2="7">
   <subfield code="a">podnikání</subfield>
   <subfield code="7">ph115766</subfield>
   <subfield code="2">czenas</subfield>
  </datafield>
  <datafield tag="655" ind1=" " ind2="7">
   <subfield code="a">výkladové slovníky</subfield>
   <subfield code="7">fd133855</subfield>
   <subfield code="2">czenas</subfield>
  </datafield>
  <datafield tag="650" ind1="0" ind2="9">
   <subfield code="a">international trade</subfield>
   <subfield code="2">eczenas</subfield>
  </datafield>
  <datafield tag="650" ind1="0" ind2="9">
   <subfield code="a">business</subfield>
   <subfield code="2">eczenas</subfield>
  </datafield>
  <datafield tag="655" ind1=" " ind2="9">
   <subfield code="a">explanatory dictionaries</subfield>
   <subfield code="2">eczenas</subfield>
  </datafield>
  <datafield tag="700" ind1="1" ind2=" ">
   <subfield code="a">Spanilý, Stanislav</subfield>
   <subfield code="4">trl</subfield>
  </datafield>
  <datafield tag="993" ind1=" " ind2=" ">
   <subfield code="a">000927888</subfield>
  </datafield>
  <datafield tag="996" ind1=" " ind2=" ">
   <subfield code="1">HSTU1</subfield>
   <subfield code="3">A 1204-V1</subfield>
   <subfield code="5">4202104679</subfield>
   <subfield code="8">20030827</subfield>
   <subfield code="9">339.9PRE</subfield>
   <subfield code="f">85</subfield>
   <subfield code="l">UEP01</subfield>
   <subfield code="m">BOOK</subfield>
   <subfield code="q">Knihovna FM JH studovna I</subfield>
   <subfield code="t">prezenční</subfield>
   <subfield code="u">UEP01</subfield>
   <subfield code="w">20030827</subfield>
  </datafield>
  <datafield tag="996" ind1=" " ind2=" ">
   <subfield code="1">PDPZ2</subfield>
   <subfield code="3">F167935c</subfield>
   <subfield code="5">3142010703</subfield>
   <subfield code="8">20030807</subfield>
   <subfield code="9">339.9PRE</subfield>
   <subfield code="f">81</subfield>
   <subfield code="l">UEP01</subfield>
   <subfield code="m">BOOK</subfield>
   <subfield code="q">Knihovna Žižkov depoz. 2</subfield>
   <subfield code="t">na 1 měsíc</subfield>
   <subfield code="u">UEP01</subfield>
   <subfield code="w">20030918</subfield>
  </datafield>
  <datafield tag="996" ind1=" " ind2=" ">
   <subfield code="1">PDPZ2</subfield>
   <subfield code="3">F167935ch</subfield>
   <subfield code="5">3142159855</subfield>
   <subfield code="8">20030807</subfield>
   <subfield code="9">339.9PRE</subfield>
   <subfield code="f">81</subfield>
   <subfield code="l">UEP01</subfield>
   <subfield code="m">BOOK</subfield>
   <subfield code="q">Knihovna Žižkov depoz. 2</subfield>
   <subfield code="t">na 1 měsíc</subfield>
   <subfield code="u">UEP01</subfield>
   <subfield code="w">20030918</subfield>
  </datafield>
  <datafield tag="996" ind1=" " ind2=" ">
   <subfield code="1">PDPZ2</subfield>
   <subfield code="3">F167935d</subfield>
   <subfield code="5">3142010704</subfield>
   <subfield code="8">20030807</subfield>
   <subfield code="9">339.9PRE</subfield>
   <subfield code="f">81</subfield>
   <subfield code="l">UEP01</subfield>
   <subfield code="m">BOOK</subfield>
   <subfield code="q">Knihovna Žižkov depoz. 2</subfield>
   <subfield code="t">na 1 měsíc</subfield>
   <subfield code="u">UEP01</subfield>
   <subfield code="w">20030918</subfield>
  </datafield>
  <datafield tag="996" ind1=" " ind2=" ">
   <subfield code="1">PDPZ2</subfield>
   <subfield code="3">F167935h</subfield>
   <subfield code="5">3142108443</subfield>
   <subfield code="8">20030807</subfield>
   <subfield code="9">339.9PRE</subfield>
   <subfield code="f">81</subfield>
   <subfield code="l">UEP01</subfield>
   <subfield code="m">BOOK</subfield>
   <subfield code="q">Knihovna Žižkov depoz. 2</subfield>
   <subfield code="t">na 1 měsíc</subfield>
   <subfield code="u">UEP01</subfield>
   <subfield code="w">20030918</subfield>
  </datafield>
  <datafield tag="996" ind1=" " ind2=" ">
   <subfield code="1">PJMSK</subfield>
   <subfield code="3">F167935b</subfield>
   <subfield code="5">3142010702</subfield>
   <subfield code="8">20030807</subfield>
   <subfield code="9">339.9PRE</subfield>
   <subfield code="f">81</subfield>
   <subfield code="l">UEP01</subfield>
   <subfield code="m">BOOK</subfield>
   <subfield code="q">Knihovna JM - sklad</subfield>
   <subfield code="t">na 1 měsíc</subfield>
   <subfield code="u">UEP01</subfield>
   <subfield code="w">20030918</subfield>
  </datafield>
 </record>
</collection>
